000 01096naa a22003377a 4500
001 BR7904821
003 BR-BrBNA
005 20250716090237.0
007 ta
008 250630b bl.|||m| |||| 00| 0 por d
040 _aBR-BrBNA
_bpor
_cBiblioteca Nacional de Agricultura
041 _a(Pt)
072 _aF25
_b0336
_b3840
_b3830
_bG514
_bGZ74
090 _aF25 BR7904821
100 1 _aRolim, R.B.
100 1 _aCosta, A.V.
100 1 _aMonteiro, P.M.F. de O.
100 1 _aFarias, J.G.
245 1 _aEfeito residual de calcario e fosforo da soja com outras culturas [Fertilizante fosfatado; Glycine max; Cerrado; Goias; Brasil]
_bProjeto solos
500 _aRelatorio tecnico 1978 Goiania, GO (Brasil): 1979. p. 185-188 (BR7904821-AMS)
650 _aFertilidade do solo
650 _aFertilizante fosfatado
650 _aSoja
650 _aEfeito residual
650 _aCalcario
650 _aCerrado
650 _aGoias
490 _aRelatorio Tecnico - Empresa Goiana de Pesquisa Agropecuaria (Brazil)
942 _cAMS
_2AGRIS
909 _a202506
_bLúcia
_c55
_dLúcia Elande
999 _c333424
_d333424